[Event "Sarajevo Bosnia 35th"]
[Site "Sarajevo"]
[Date "2005.05.26"]
[Round "7"]
[White "Movsesian, Sergei"]
[Black "Eljanov, Pavel"]
[Result "1-0"]
[ECO "B23"]
[WhiteElo "2628"]
[BlackElo "2641"]
[Annotator "Bangiev,A"]
[PlyCount "75"]
[EventDate "2005.05.19"]
[EventType "tourn"]
[EventRounds "9"]
[EventCountry "BIH"]
[EventCategory "16"]
[SourceTitle "CBM 108"]
[Source "ChessBase"]
[SourceDate "2005.09.26"]
[SourceVersion "1"]
[SourceVersionDate "2005.09.26"]
[SourceQuality "1"]

1. e4 c5 2. Nc3 Nc6 3. Bb5 Nd4 4. Bc4 a6 5. d3 e6 6. Nge2 b5 7. Bb3 Nxb3 8.
axb3 {[%csl Gc7,Ge4] Weiß soll nun bestrebt sein das Feld c7 anzugreifen.} Bb7
9. O-O Nf6 {[%csl Ge4][%cal Ye4f5,Gd4e5]} 10. f4 (10. Ng3 Qc7 11. f4 d5 12.
exd5 Nxd5 13. Nxd5 Bxd5 14. c4 Bb7 15. f5 Bd6 {1/2-1/2 Akshayraj,K-Nguyen,N/
Negombo 2003/CBM 095 ext (43)}) 10... d5 11. e5 $1 {[%csl Gd4]} d4 {[%csl Ge4]
[%cal Gd6c7,Gd4c5]} (11... Ng4 12. h3 Nh6 13. Ng3) 12. Nb1 {[%mdl 8]} (12. exf6
dxc3 13. f5 Qd5 14. Rf2 gxf6 15. fxe6 fxe6 16. Nf4 Qd7 17. Nxe6 Qxe6 18. Re2
Qxe2 19. Qxe2+ Be7 20. Qh5+ Kd8 21. bxc3 Rc8 22. Bf4 Rc6 23. Re1 Rg8 24. Qd5+ {
1-0 Petrosian,T-Petrosian,T/Batumi 2003/CBM 095 ext}) 12... Ng4 (12... Nd5 {
[%csl Ge4][%cal Ye4f5,Gd4e5]} 13. Ng3 Qd7 {[%csl Ge4]} (13... Be7 {[%cal Ye4f5]
} 14. f5) 14. Qe2) (12... Qd5 13. Rf3 Ng4 14. Ng3) 13. h3 (13. Ng3 $2 Qh4)
13... Nh6 {[%csl Ge4][%cal Ye4f5]} 14. Nd2 (14. Ng3 Nf5) 14... Nf5 {[%cal
Ye4f5]} 15. Ne4 h5 {[%cal Ye4f5] /\h4} (15... Qh4 16. Rf3 Be7 17. g4 h5 18. g5)
16. N2g3 $8 (16. Bd2 h4) 16... h4 17. Nh1 (17. Nxf5 exf5 18. Ng5 Be7) 17... Be7
{[%cal Ye4f5,Gd4e5]} (17... c4 18. bxc4 bxc4 19. Nhf2) 18. Nhf2 Qd5 19. Re1 {
[%csl Gc2,Gd5][%cal Yd5c4,Ge5d4] Schwarz: /\c4; KaZ: 19...Rc8, 19...Qc6} f6 {
[%csl Ge4][%cal Gd4e5]} (19... Rc8 {/\c4} 20. c4 (20. Qe2 c4) (20. Bd2 c4)
20... dxc3 21. bxc3 Rd8 22. Bb2 {/\c4} (22. c4 Qd4) 22... O-O 23. c4) (19... g6
20. Ng4) (19... Qc6 $5 {/\c4} 20. Bd2 c4) 20. Ng4 O-O-O {[%csl Gc7][%cal Gd4c5,
Gd6c7] Dies kann Weiß für den strategischen Angriff auf das Feld c7 dadurch
motivieren, das er zugleich einen Königsangriff anstrebe. Der weiße Plan heißt
nun: Vorstoß c3 + Vorstoß b4;} (20... fxe5 21. Nxe5) (20... Rf8 {[%csl Ge4]
[%cal Gd4e5]} 21. c4 dxc3 $8 22. bxc3 {[%csl Ge4][%cal Gd4c5]} O-O-O 23. Be3)
21. Qe2 Rhg8 (21... Rdf8 22. Bd2 Kb8 23. Qf2 Rhg8) 22. Bd2 Kb8 23. Nh2 Nh6 (
23... fxe5 24. fxe5 (24. Nf3 exf4 25. Bxf4+ Ka7) 24... Qxe5 25. Nf3 Qd5 26.
Neg5) (23... Rdf8 24. Nf3) 24. Nf3 Nf5 {[%cal Gd4c5,Gd6c7]} 25. Qf2 {[%csl Rh4]
[%cal Gd4c5]} Rh8 {[%cal Gd4c5,Gb4a5]} 26. Re2 (26. Ra5 Rdf8 27. Rea1 Qc6 (
27... Bd8 28. Rxa6 Bxa6 29. Rxa6 b4 30. Qe1 $40) 28. Kh2 Bd8 29. R5a2 Be7 30.
b4) (26. Ra2 Rdf8 27. Rea1 Qc6 (27... Rh6 28. Rxa6 Bxa6 29. Rxa6 b4 30. Qe1 $40
) 28. Qe1 Rh6 $13) 26... Rh6 27. Ree1 Rdh8 28. Kh2 Rg6 29. Rg1 Qc6 30. Rae1 {
[%csl Ge4,Gg2] Vor dem Angriff auf dem Damenflügel werden die strategischen
Schwächen vor allem Pg2 und Ne4 verstärkt.} b4 {[%cal Gd4c5]} 31. c3 $1 {
[%cal Gd4c5] Nun ist es soweit. Weiß plant die schwarzfeldrige Initiative am
Damenflügel zu entfalten mit dem Ziel das Feld c7 zu erobern.} Qd5 (31... dxc3
$142 32. bxc3 Rd8 33. Nxh4 Nxh4 34. Qxh4 Rxd3 $132) 32. cxb4 cxb4 {[%cal Gd4c5]
} 33. Rc1 {/\Rc4} Qxb3 {[%cal Gd4c5]} (33... a5 34. Rc4 {[%cal Gd4c5]}) 34.
Nxd4 Qd5 {[%cal Gd4c5]} (34... Qxd3 35. Nc6+ Bxc6 36. Rxc6 Qg3+ (36... Nd4 {
[%cal Gd4c5]} 37. Rxe6 Nxe6 38. Qb6+ Ka8 39. Be3) 37. Qxg3 hxg3+ 38. Kh1 fxe5
39. Ra1 $40) 35. Rc4 {[%cal Gd4c5]} Rd8 {[%cal Gd4c5]} 36. Nxf5 Qxd3 {[%mdl
8192]} (36... exf5 {[%csl Gc7,Gd4][%cal Yd4c5]} 37. Qb6 fxe4 38. Be3) 37. Nxe7
$18 Qxc4 38. Nd6 1-0

[Event "Hastings 9798"]
[Site "Hastings"]
[Date "1998.01.02"]
[Round "4"]
[White "Plaskett, H James"]
[Black "Relange, Eloi"]
[Result "0-1"]
[ECO "B23"]
[WhiteElo "2450"]
[BlackElo "2505"]
[Annotator "Bangiev,A"]
[PlyCount "52"]
[EventDate "1997.12.29"]
[EventType "tourn"]
[EventRounds "9"]
[EventCountry "ENG"]
[EventCategory "13"]
[SourceTitle "CBM 063"]
[Source "ChessBase"]
[SourceDate "1998.03.26"]
[SourceVersion "1"]
[SourceVersionDate "1998.03.26"]
[SourceQuality "1"]

1. e4 c5 2. Nc3 d6 3. f4 g6 4. d4 cxd4 5. Qxd4 Nf6 6. e5 Nc6 7. Bb5 Nd7 8. Bxc6
bxc6 9. e6 Nf6 10. exf7+ Kxf7 11. Nf3 Qb6 12. Qc4+ Ke8 13. b3 $5 $146 Ng4 (
13... Bg7 14. Bb2 (14. Na4 Qb5) 14... Qe3+ 15. Ne2 $13) 14. Bd2 Ne3 (14... Qf2+
15. Kd1 Bd7 16. Qe2 Bg7 17. Re1 $13) 15. Bxe3 Qxe3+ 16. Kd1 Qb6 17. Re1 Bg4 18.
Na4 Bxf3+ 19. gxf3 Qb5 20. Qc3 {[%csl Rh8]} (20. Qd4 {[%csl Rh8][%cal Yd4d6]}
Qd5 21. Qxd5 cxd5 $15) 20... Rg8 21. Qe3 Rg7 $5 {/\Rf7 gefolgt von Bg7} 22. Nc3
{[%cal Yc3e4] /\Ne4} (22. c4 $5 Qf5 23. Nc3 Rf7 24. Ne4 $13 {[%csl Rd6]}) 22...
Qb6 23. Qd3 d5 $1 $15 24. Na4 Qb4 25. f5 $2 (25. Qa6 Qd4+ 26. Ke2 $13) 25...
gxf5 26. Qxf5 $2 (26. c3 Qf4 $17) 26... Qd4+ 0-1

[Event "EU-ch 6th"]
[Site "Warsaw"]
[Date "2005.06.30"]
[Round "12"]
[White "Macieja, Bartlomiej"]
[Black "Wells, Peter K"]
[Result "1-0"]
[ECO "B23"]
[WhiteElo "2613"]
[BlackElo "2525"]
[Annotator "Bangiev,A"]
[PlyCount "107"]
[EventDate "2005.06.18"]
[EventType "swiss"]
[EventRounds "13"]
[EventCountry "POL"]
[SourceTitle "CBM 108"]
[Source "ChessBase"]
[SourceDate "2005.09.26"]
[SourceVersion "1"]
[SourceVersionDate "2005.09.26"]
[SourceQuality "1"]

1. e4 c5 2. Nc3 Nc6 3. f4 g6 4. Nf3 Bg7 5. Bb5 Nd4 6. O-O Nxb5 7. Nxb5 d6 {
[%csl Gc7,Ge4][%cal Ye4d5,Gd4c5]} (7... d5) 8. d4 {[%cal Gd4c5][%mdl 8]} (8. d3
Nf6 9. Qe1 O-O 10. Kh1 Bd7 11. Nc3 Bc6 12. f5 b5 13. Qh4 b4 14. Ne2 e6 15. Bg5
{1/2-1/2 Iuldachev,S-Poobesh Anand,S/Mumbai 2003/CBM 093 ext (43)}) 8... cxd4 (
8... a6 9. Nc3 cxd4 10. Nxd4 Qb6 11. Be3 Qxb2 12. Nd5) (8... Qb6 9. a4 (9. Nc3
cxd4 10. Nd5 Qc5 11. b4 Qc4) 9... a6 10. Nc3 cxd4 11. Nd5 Qc5 12. b4 Qc4 13.
Nb6) 9. Nbxd4 Nf6 {[%csl Gc7,Ge4][%cal Gd4c5,Gd6c7]} 10. e5 {[%csl Gd4][%cal
Yd4c5,Yd6c7]} (10. Qd3 O-O 11. c3) 10... Nd5 {[%csl Gd4][%cal Yd4c5,Ge4d5]
Weiß: /\Be3; Plan: c4 + Be3} (10... Ng4 11. Re1) 11. c3 (11. c4 Nb6 (11... Nc7
12. Be3 O-O {[%csl Gd4][%cal Yd4c5,Ge4d5]} 13. Qb3) 12. Be3 O-O 13. Qb3) 11...
Bg4 {[%csl Gb7,Gd4,Gf7]} (11... O-O $142) 12. Qb3 Bxf3 13. Nxf3 {[%csl Gb7,Gf7]
} dxe5 {[%cal Yd4c5,Ge4d5]} (13... Qb6+ 14. Qxb6 Nxb6 15. exd6 exd6 {[%csl Ge4]
[%cal Ye4f5]} 16. f5 {[%cal Ye4f5]}) 14. Qb5+ (14. fxe5 Qb6+ 15. Qxb6 Nxb6 16.
Be3) (14. Kh1 $5 {/\Rd1} e6 (14... Nb6 15. Nxe5) (14... exf4 15. Rd1) 15. Nxe5)
(14. Nxe5 Qb6+) 14... Qd7 15. Qxd7+ Kxd7 16. Rd1 e4 {[%cal Yd4e5,Ge4f5]} (16...
Kc6 17. fxe5 Rhd8 (17... Rad8 18. Ng5) 18. Ng5) 17. Ng5 (17. Rxd5+ Kc6 18. Re5
exf3 19. Rxe7 Bf8 20. Rxf7 Bc5+ 21. Kf1 Rad8 $132) 17... Kc6 18. Nxf7 Rhf8 19.
Ng5 Nxf4 20. Bxf4 (20. Nxe4 Ne2+) 20... Rxf4 21. Re1 $14 Rf5 22. Nxe4 Rd8 $11
23. Re2 b5 24. g3 a5 25. a4 bxa4 26. Rxa4 Rd1+ 27. Kg2 Kb5 (27... Rb1 28. Rc4+
Kb5 29. Rc8) 28. b3 {/\Rea2} Rb1 29. Rea2 $36 Rxb3 (29... Kb6 $142) 30. Rxa5+
Kc6 31. Ra8 Re5 32. Kf3 Rb1 33. Re2 Rf1+ 34. Kg2 Rf8 35. Ra6+ Kc7 36. Ra7+ Kc6
37. h4 Rd8 38. Kf3 Rf8+ 39. Kg2 Rd8 40. Ra4 Kb5 41. Rea2 Kc6 42. Ng5 Re3 43.
Nxh7 Rdd3 44. Rg4 Be5 45. Ra6+ Kc7 46. Raxg6 Rxc3 47. R4g5 Rc2+ 48. Kh3 Bf4 49.
Rg4 Bd6 50. Ng5 Ree2 51. Ra4 Rh2+ 52. Kg4 Rhg2 53. Ne4 Be5 54. Ra7+ 1-0

[Event "EU-ch 6th"]
[Site "Warsaw"]
[Date "2005.06.28"]
[Round "10"]
[White "Rublevsky, Sergei"]
[Black "Areshchenko, Alexander"]
[Result "1/2-1/2"]
[ECO "B23"]
[WhiteElo "2645"]
[BlackElo "2595"]
[Annotator "Bangiev,A"]
[PlyCount "67"]
[EventDate "2005.06.18"]
[EventType "swiss"]
[EventRounds "13"]
[EventCountry "POL"]
[SourceTitle "CBM 108"]
[Source "ChessBase"]
[SourceDate "2005.09.26"]
[SourceVersion "1"]
[SourceVersionDate "2005.09.26"]
[SourceQuality "1"]

1. e4 c5 2. Nc3 a6 3. Nge2 d6 4. g3 b5 5. Bg2 Bb7 6. d4 b4 {[%csl Gc7][%cal
Gd4c5,Gd6c7]} 7. Na4 $5 {[%csl Ge4][%cal Gd4c5][%mdl 8] Ein neuer Plan: Weiß
plant die schwarzfeldrige Initiative am Damenflügel zu entfalten mit dem Ziel
das Feld c7 zu erobern.} (7. Nd5 e6 8. Ne3 cxd4 9. Qxd4 (9. Nxd4 Nf6 10. f3 Be7
11. O-O Nbd7 12. Re1 O-O {0-1 Galdunts,S-Moiseev,V/Katowice 1990/EXT 97 (41)})
9... Nc6 10. Qd2 Nf6 11. O-O Be7 12. f4 O-O 13. g4 d5 {1/2-1/2 Tseshkovsky,
V-Dokhoian,Y/Aktjubinsk 1985/MCD (54)}) 7... Nd7 8. c3 Ngf6 {[%csl Ge4][%cal
Gd4c5]} 9. cxb4 (9. dxc5 dxc5) (9. f3 {[%csl Ge4]}) 9... cxb4 {[%csl Gc7]} (
9... cxd4 {[%cal Gd4c5]} 10. Qxd4 {[%cal Gd4c5]}) 10. d5 {[%csl Ge4][%cal
Ye4d5,Gd4c5]} (10. f3 e5) 10... g6 {[%cal Ye4d5,Gd4c5]} 11. Nd4 {/\Nc6} (11.
Be3 Bg7 12. Bd4 O-O) 11... Bg7 12. Nc6 (12. O-O Rc8 (12... O-O 13. Nc6 $1) 13.
a3) 12... Qc7 13. O-O (13. Nxb4 Nxe4 14. Bxe4 Qc4) (13. Be3 Bxc6 14. dxc6 Qxc6)
13... Bxc6 14. dxc6 Ne5 {[%csl Ge4][%cal Gd4c5,Gd6c7]} (14... Qxc6 15. e5) 15.
Be3 {[%cal Gd4c5]} (15. f4 $142 Nxc6 {[%csl Gc7][%cal Gd4c5]} (15... Neg4 16.
Bf3 $16 (16. h3 $6 Qa7+ 17. Kh1 Nf2+ 18. Rxf2 Qxf2 19. Qd2 $13) 16... h5 17. h3
Nh6 18. Be3 $16) (15... Nc4 16. e5 dxe5 17. Qe2 $16) 16. Be3 {/\Rc1} h5 (16...
e6 17. Rc1 Nd7) 17. Rc1 {[%csl Gc7]} Ng4 18. Bb6 Qd7 19. e5) 15... Qxc6 16. f4
Nc4 {[%csl Gc7,Ge4][%cal Gd4c5,Gd6c7,Ye4d5]} (16... Neg4 17. Bb6) 17. Bd4 (17.
Bf2 O-O (17... e5 18. Rc1 $16) (17... d5 18. Rc1) 18. b3 Na3 19. e5 Ne4 20. Rc1
Qb7 21. Qd4 $16 {[%csl Gd4][%cal Yd4c5,Yd6c7]}) 17... e5 18. Rc1 exd4 19. b3
O-O 20. Rxc4 $16 Qb5 21. Rxd4 (21. e5 dxe5 22. Bc6 Qb8 23. Bxa8 Qxa8 24. fxe5
Nd7 $132) 21... Ne8 22. Rd5 Qb8 {[%csl Ge4,Gh7][%cal Ye4f5]} 23. h3 {/\g4} (23.
f5 Be5) (23. g4 Nf6 24. Rxd6 Nxg4) (23. Qd3 Ra7) 23... h5 (23... Ra7 24. g4 Re7
25. g5 f6 26. h4) 24. Qd3 Ra7 25. Kh1 (25. Kh2 $142) 25... Re7 26. Ra5 Nf6 27.
Rxa6 Rfe8 28. Rb6 (28. Re1 $142 {/\Rb6}) 28... Qc8 29. Rxb4 Nxe4 $1 {[%mdl 64]}
30. Rxe4 (30. Nb6 Nf2+ (30... Qf5 31. Kh2 $16) 31. Rxf2 Qc5 32. Rf1 (32. Qd2
Bc3 33. Rc4 Bxd2 34. Rxc5 Be3 35. Rcc2 Bxb6 $14) 32... Qxb4 33. Nd5 Qd4 34.
Nxe7+ Rxe7 35. Qxd4 Bxd4 36. a4 $16) 30... Rxe4 31. Bxe4 (31. Nb6 Qf5) 31...
Qxh3+ 32. Kg1 Rxe4 33. Qxe4 Bd4+ $1 34. Qxd4 1/2-1/2

[Event "Groningen Harmonie"]
[Site "Groningen"]
[Date "2004.12.27"]
[Round "6"]
[White "Jones, Gawain C B"]
[Black "Nijboer, Friso"]
[Result "1-0"]
[ECO "B23"]
[WhiteElo "2447"]
[BlackElo "2567"]
[Annotator "Bangiev,A"]
[PlyCount "77"]
[EventDate "2004.12.21"]
[EventType "tourn"]
[EventRounds "9"]
[EventCountry "NED"]
[EventCategory "10"]
[SourceTitle "CBM 105"]
[Source "ChessBase"]
[SourceDate "2005.04.11"]
[SourceVersion "1"]
[SourceVersionDate "2005.04.11"]
[SourceQuality "1"]

1. e4 c5 2. Nc3 Nc6 3. Bb5 Nd4 4. Bc4 e6 5. Nge2 Nf6 6. O-O d5 7. exd5 exd5 8.
Nxd5 Nxd5 9. Nxd4 cxd4 10. Qh5 {[%csl Gf7]} Be7 (10... Be6 11. Re1 $16) (10...
Ne7 11. Qxf7+ Kd7 {[%csl Gc7]} 12. d3 {/\Bf4} (12. b4 Kc7) 12... Qa5 {/\Qf5}
13. Qf4 {[%csl Gc7,Gf7]} (13. a4 Qf5 14. Bb5+ Kd8) (13. Qe6+ Kd8 14. Qd6+ Bd7
15. Qxd4 Nf5 $13) 13... Qc5 {[%csl Gc7,Gf7]} 14. b4 Qxb4 (14... Qd6 15. Qe4)
15. Qe4 (15. Qxd4+ Qd6 16. Bb5+ Nc6) 15... Qc5 16. Rb1 Kd8 (16... a6 17. Rxb7+)
17. Rb5 $36 {[%csl Gc7,Gf7]}) 11. Qxd5 {[%mdl 8]} (11. Bxd5 O-O {Alvarez
Ibarra,R-Damljanovic,B/San Sebastian 1994/TD}) 11... O-O 12. Qxd8 Rxd8 13. Re1
Be6 {[%csl Gc2][%cal Yd3c2] Schwarz möchte die Felder d3,c2 angreifen} (13...
Bf8 14. d3) 14. Bxe6 fxe6 15. Rxe6 Kf7 16. Re2 d3 (16... Rac8 17. d3) 17. cxd3
Rac8 {[%cal Yd3c2]} 18. d4 $1 Rxd4 (18... Rc2 19. Kf1 Rxd4 20. d3) 19. d3 {
[%csl Gc2]} Rxd3 20. Be3 $16 a5 21. Kf1 Rc6 22. Ree1 Bf6 23. Rad1 Rxd1 24. Rxd1
Ke6 25. b3 Rc2 26. Rd2 Rc1+ 27. Ke2 Rg1 28. Kf3 b5 29. Re2 Kf5 30. Bd2 g5 31.
h3 h5 32. Re4 Ra1 33. g4+ hxg4+ 34. hxg4+ Kg6 35. Re6 b4 36. Be3 Rd1 37. Ra6
Rd5 38. Ke4 Re5+ 39. Kd3 1-0

[Event "Groningen Harmonie"]
[Site "Groningen"]
[Date "2004.12.23"]
[Round "3"]
[White "Jones, Gawain C B"]
[Black "Kuzubov, Yuriy"]
[Result "0-1"]
[ECO "B23"]
[WhiteElo "2447"]
[BlackElo "2530"]
[Annotator "Bangiev,A"]
[PlyCount "78"]
[EventDate "2004.12.21"]
[EventType "tourn"]
[EventRounds "9"]
[EventCountry "NED"]
[EventCategory "10"]
[SourceTitle "CBM 105"]
[Source "ChessBase"]
[SourceDate "2005.04.11"]
[SourceVersion "1"]
[SourceVersionDate "2005.04.11"]
[SourceQuality "1"]

1. e4 c5 2. Nc3 d6 3. f4 g6 4. Nf3 Bg7 5. Bc4 Nc6 6. O-O Nf6 7. Qe1 O-O 8. f5
Nd4 {[%csl Gc2]} 9. fxg6 (9. Nxd4 cxd4 10. Nb5 (10. Nd1 d5 $1) 10... Qb6 $13)
9... Nxf3+ (9... Nxc2 $2 10. Qh4 Nxa1 (10... hxg6 11. Ng5 $18) 11. Ng5 h6 (
11... d5 12. Nxd5) (11... e6 12. Rxf6 h6 13. gxf7+ Rxf7 14. Rxf7 Qxg5 15. Qxg5
hxg5 16. Rc7 $16) 12. Nxf7 Rxf7 13. Bxf7+ Kf8 14. d4 cxd4 15. Nd5 $18) 10. Rxf3
hxg6 11. Qh4 (11. d3 Ng4 12. Rf1 Bd4+ 13. Kh1 Kg7 14. Ne2 Bf6 $13) 11... e6 (
11... Bg4 12. Rxf6) (11... Ng4 12. Rh3 Nh6 13. Rg3 e6 14. Qf4 {[%csl Gh6]}) 12.
d3 (12. Rh3 Nh5) 12... Nh7 13. Qg3 {Alle weißen Figuren sind optimal platziert.
} d5 {Eine mutige Entscheidung: ein Bauernopfer für die offene Stellung und
bessere Entwicklungsmöglichkeiten.} 14. exd5 exd5 15. Bxd5 $5 {[%mdl 512] Weiß
opfert seinerseits eine Figur für die Initiative am Königsflügel} (15. Nxd5 b5
16. Bb3 Bb7 17. c4 $14) 15... Bxc3 16. Qxg6+ Kh8 17. Bxf7 Bd4+ 18. Kh1 {
Drei Bauern für den Springer + offener schwarzer König, keine schlechte Bilanz
für Weiß.} Qb6 19. Qh5 Be6 20. Bg6 Bg8 21. Bf4 Qe6 (21... Qxb2 22. Raf1 Rfd8
23. Bf5 $36 {/\Rh3} (23. Rh3 Rd7)) 22. Raf1 (22. c3 Bg7 23. Be4 c4 24. Bxb7
Rad8 25. d4) 22... Bg7 (22... Qd5 23. Qh4 $36) 23. Be4 Rf6 24. Rh3 {[%csl Gh7]}
(24. g4 $5) 24... Raf8 25. Bxh7 Rh6 26. Bxg8 $4 {[%mdl 8192]} (26. Be4 $18 Qxh3
27. Qxh3 Rxh3 28. gxh3) 26... Rxf4 27. Rhf3 Qe2 28. Qf7 Rxf7 29. Bxf7 Rf6 30.
Rh3+ Bh6 31. Rg1 Rxf7 32. Rxh6+ Kg7 33. Rh3 Rf1 34. Rg3+ Kf7 35. h4 Rxg1+ 36.
Kxg1 Qxc2 37. Rf3+ Kg7 38. Kh2 Qxb2 39. Rg3+ Kh7 0-1

[Event "Dortmund SuperGM 25th"]
[Site "Dortmund"]
[Date "1997.07.07"]
[Round "4"]
[White "Ivanchuk, Vassily"]
[Black "Topalov, Veselin"]
[Result "1/2-1/2"]
[ECO "B23"]
[WhiteElo "2725"]
[BlackElo "2745"]
[Annotator "Bangiev,A"]
[PlyCount "101"]
[EventDate "1997.07.04"]
[EventType "tourn"]
[EventRounds "9"]
[EventCountry "GER"]
[EventCategory "18"]
[SourceTitle "CBM 060"]
[Source "ChessBase"]
[SourceDate "1997.09.29"]
[SourceVersion "1"]
[SourceVersionDate "1997.09.29"]
[SourceQuality "1"]

1. e4 c5 2. Nc3 d6 3. f4 g6 4. Nf3 Bg7 5. Bb5+ Bd7 6. a4 Nc6 7. O-O (7. d3 Nf6
8. Be3 O-O 9. h3 Ne8 (9... Rc8 10. Qd2 Nb4 11. Bf2 a6 12. Bc4 Bc6 13. Bb3 b5
14. O-O Qc7 15. axb5 axb5 16. Rfe1 Ra8 17. Rxa8 Rxa8 18. Ng5 Rf8 19. f5 $36 {
1-0 Hort,V-Sigurjonsson,G/Reykjavik 1985 (33)}) 10. O-O Nc7 11. Bc4 a6 12. Qd2
Nd4 13. f5 b5 $132 {0-1 Sigurjonsson,G-De Firmian,N/Reykjavik op 1986 (25)})
7... e6 (7... Nd4 8. e5 $5 (8. Bxd7+ Qxd7 9. d3 $14) 8... dxe5 9. Nxe5 $5 (9.
fxe5 Nh6 10. Nxd4 cxd4 11. Ne4 Bxb5 12. axb5 Bxe5 13. Ra3 f5 14. Ng5 Qd6 $17 {
0-1 Moisan Plante,M-Reeve,J/Quebeck op 1994 (21)}) (9. Bxd7+ Qxd7 10. Nxe5 Qc7
11. d3 Bxe5 12. fxe5 Qxe5 13. Bf4 Qg7 14. Qd2 $36)) (7... Nf6 8. e5 $5 dxe5 9.
Nxe5 $14) 8. Bxc6 Bxc6 9. d4 $5 Nf6 (9... cxd4 10. Nxd4 Qb6 11. Be3 $36 Qxb2 $2
12. Ncb5 $1 {[%csl Rc7,Rd6]} Bxb5 13. Nxb5 Qxa1 14. Qxd6 $18) 10. d5 (10. Re1
O-O $11) 10... exd5 (10... Bd7 $6 11. dxe6 Bxe6 $14) 11. exd5 Bd7 12. Re1+ Kf8
$14 {Schwarz benötigt drei Tempi (h6,Kg8,Kh7) um seine Entwicklung
abzuschließen. Weiß hat also genug Zeit um seine Kräfte zu koordinieren. Die
Frage der weißen Initiative ist hier die Frage der Entwicklung des Bc1. Falls
Weiß es schaffen sollte, den Bc1 ins Spiel zu bringen, dann entscheidet er den
Kampf um die Initiative für sich.} 13. b3 h6 14. Bb2 a6 15. a5 Kg8 16. Qd2 {
/\Na4 -> Nb6} Bg4 (16... Kh7 17. Na4 {Das Ziel dieses Zuges besteht darin, daß
Weiß mit dem Manöver Nb6-c4 und anschließendem Tausch auf f6 die wichtigen
weißen Felder (c4,d5) unter Kontrolle halten kann. Das weitere Spiel könnte
sich etwa folgendermaßen gestalten.} Bg4 18. Nb6 Rb8 19. Qf2 Re8 20. Rxe8 Qxe8
21. Re1 Qb5 22. Bxf6 Bxf6 23. Nc4 Bxf3 24. Qxf3 Re8 25. Rxe8 Qxe8 26. Kf1 $14)
17. Rf1 (17. Qf2 $2 Nxd5) 17... Kh7 18. Ne5 $5 {Dieser "überraschende" Zug
wurde sicherlich vorbereitet.} (18. h3 Bxf3 19. Rxf3 Ne4 (19... Re8 20. f5 $5)
20. Nxe4 Bxb2 $13) 18... Re8 $1 (18... dxe5 {Die Annahme des Opfers gestattet
es dem Weißen, zum scharfen Angriff überzugehen.} 19. fxe5 Nd7 20. Rxf7 $1 Nxe5
(20... Re8 21. Ne4 Nxe5 22. Bxe5 Rxe5 23. Qc3 $16) 21. Rxg7+ Kxg7 22. Ne4 Re8 (
22... Qe7 23. d6 Qe6 24. Nxc5 $40) 23. Qf4 Qe7 (23... Qxd5 24. Nf6 $16) 24. Re1
Bf5 25. d6 $16) 19. Nxg4 (19. Nc4 $6 Nh5 $5 $36 {/\Bd4}) (19. Nxf7 $2 Qd7)
19... Nxg4 {Schwarz steht momentan etwas aktiver. Man beachte die weißen
Bauernschwächen (d5,a5), und die Aktivität der schwarzen Leichtfiguren. /\Bd4;
Qh4} 20. Na4 $1 Bxb2 21. Nxb2 Qh4 22. g3 (22. h3 Ne3 23. Rf3 Nf5 $15) 22... Qf6
$1 {Das beste Feld für die schwarze Dame.} 23. Nc4 $1 {Weiß hat sein Ziel
erreicht. Der Spinger auf c4 wird perfekt postiert. Nun wäre für Weiß der
Tausch der schweren Figuren sehr erwünscht, weil dann die Springerkraft wächst.
} h5 $1 {Es gelingt jetzt dem Schwarzen den Spinger nach f5 vorteilhaft zu
überführen.} 24. Rae1 Nh6 25. Kg2 {Dies soll den Zug 26.Rf2 vorbereiten.} (25.
Rf2 Rxe1+ 26. Qxe1 Ng4 $36) 25... Nf5 26. Rf2 Nd4 $36 27. Re3 Qf5 28. Kg1 Rxe3
(28... Qxd5 $2 29. Nb6) 29. Qxe3 Qd7 {/\Re8} (29... Nxc2 30. Qe7 Qxd5 31. f5 $5
Qd1+ 32. Rf1 Qd4+ 33. Rf2 $11) (29... Rd8 30. Qe7 $36) 30. Nb6 Qe8 31. Qd3 $5 {
Es droht b3-b4, bzw. f4-f5 mit dem Ziel, die schwarze Bauernkette zu sprengen.}
(31. Qxe8 Rxe8 32. Kf1 $11) 31... Rd8 32. Kg2 (32. b4 $2 Qe1+) 32... Kg8 33. b4
{Dies soll auch den Zug c2-c3 ermöglichen.} (33. c4 $6 Qe1 $5) 33... Qb5 $5 (
33... Qe1 34. c3 $14) 34. Qxb5 axb5 35. c3 Nf5 36. Re2 {Die weiße Stellung ist
nun vorzuziehen. Alle weißen Figuren stehen aktiver.} Kf8 37. Kf2 (37. bxc5 $6
dxc5 38. Rb2 Nd6) 37... c4 38. h3 $6 {/\g4} (38. Re1 $5 {/\39.h3} f6 39. h3 h4
40. g4 Ng3 41. Re6 Kf7 42. Ke3 $14) 38... h4 $1 {Ein aktiver Plan.
Andererseits bekommt Weiß nach 39.g4 eine gewisse Initiative und spürbaren
Raumvorteil.} 39. g4 Ng3 40. Re3 f5 $1 41. g5 Ne4+ 42. Ke2 Re8 $11 43. Kd1 Ke7
44. Ke1 Kd8 45. Kd1 Nf2+ 46. Ke2 Rxe3+ 47. Kxe3 Ne4 (47... Nxh3 48. Kf3 Ng1+
49. Kf2 Nh3+ 50. Kf3 $11) 48. Kd4 Kc7 49. Na8+ Kd7 50. Nb6+ Kd8 51. Na8 1/2-1/2

[Event "Aars get2net Cup GM"]
[Site "Aars"]
[Date "1999.10.22"]
[Round "7"]
[White "Holst, Allan"]
[Black "Pedersen, Steffen"]
[Result "0-1"]
[ECO "B23"]
[WhiteElo "2406"]
[BlackElo "2427"]
[Annotator "Bangiev,A"]
[PlyCount "106"]
[EventDate "1999.10.18"]
[EventType "tourn"]
[EventRounds "9"]
[EventCountry "DEN"]
[EventCategory "9"]
[SourceTitle "CBM 074"]
[Source "ChessBase"]
[SourceDate "2000.02.01"]
[SourceVersion "1"]
[SourceVersionDate "2000.02.01"]
[SourceQuality "1"]

1. e4 c5 2. Nc3 d6 3. f4 Nc6 4. Nf3 g6 5. Bc4 Bg7 6. O-O e6 7. d3 Nge7 8. Qe1
h6 9. Bb3 a6 10. a3 b6 11. Kh1 Bd7 12. Be3 Qc7 13. Rd1 O-O-O (13... Nd4 14.
Bxd4 cxd4 15. Ne2 e5 16. Qg3 $14 {[%cal Rb3f7]}) 14. d4 $14 (14. Qf2 f5 $132)
14... cxd4 15. Nxd4 Nxd4 16. Bxd4 Bxd4 17. Rxd4 Kb7 18. Qd2 Bc6 19. Rd1 Nc8 20.
a4 (20. e5 d5 21. Ne2 g5 $132) 20... Ka7 21. Qf2 (21. a5 $5 bxa5 22. Ra1 $36) (
21. Bc4 g5 22. b4 $5 Bb7 (22... gxf4 23. Bxa6 $1) 23. Be2 gxf4 24. Rc4 $36)
21... Kb8 22. Qe2 Bb7 23. Bc4 Ka7 24. Qe3 $6 (24. a5 $1) (24. Qd2 $5 g5 25. a5
$5) 24... g5 $1 $36 25. Be2 $5 gxf4 26. Qd3 Rhg8 $132 27. Rc4 Qe7 28. Bf3 Rg5
29. b4 Kb8 30. Ne2 Qf6 31. Nd4 Na7 32. Qc3 Qe7 33. b5 Rc5 34. Qd3 (34. Ne2 $5)
34... Qc7 35. Rb4 a5 36. Rb3 e5 $17 37. Nf5 Rxc2 38. Qf1 h5 39. Rbd3 Nc8 40.
Qe1 Rc4 41. Ra3 Ne7 42. Ng7 h4 43. h3 Rg8 44. Nh5 f5 45. Nf6 Rf8 46. Qxh4 fxe4
47. Bg4 Rd8 48. Qg5 e3 49. Rg1 Nd5 50. Ng8 Rf8 51. Raa1 Qf7 52. Nh6 Qf6 53. h4
Rh8 0-1